| 000 | 00445nam a2200157Ia 4500 | ||
|---|---|---|---|
| 008 | 220216s9999 xx 000 0 und d | ||
| 100 | _aNadarajah M | ||
| 245 | 0 | _aUse of first fraction rubber in the manufacture of stereo rubber | |
| 260 |
_bRubber Research Institute of Sri Lanka Bulletin _c1973 |
||
| 300 | _a36-38 | ||
| 650 | _aFraction rubber | ||
| 650 | _aSri Lanka | ||
| 650 | _aStereo rubber | ||
| 700 | _aMedagama D D | ||
| 942 | _cJS | ||
| 999 |
_c71838 _d71838 |
||